| 000 | 01198cam a2200313 i 4500 | ||
|---|---|---|---|
| 001 | 47184 | ||
| 003 | Mx-PuUPA | ||
| 005 | 20241015134013.0 | ||
| 008 | 140415s2023 mx ad gr 000 0 spa d | ||
| 020 | _a9786075382272 | ||
| 040 |
_aMx-PuUPA _cMx-PuUPA _bspa _dMx-PuUPA _erda |
||
| 041 | 0 | _aspa | |
| 100 | 1 |
_aMonedero Isorna, Javier, _eautor _916322 |
|
| 245 | 1 | 0 |
_aSimulación visual de materiales : _bteoría, técnicas, análisis de casos / _cJavier Monedero |
| 250 |
_aPrimera edición / _babril |
||
| 264 | 1 |
_aMéxico, D.F. : _bAlfaomega Grupo Editor, _c©2023 |
|
| 300 |
_a519 páginas : _bilustraciones, gráficas, diagramas ; _c24 cm |
||
| 336 |
_2rdacontent _atexto _btxt |
||
| 337 |
_2rdamedia _asin medio _bn |
||
| 338 |
_2rdacarrier _avolumen _bnc |
||
| 650 | 7 |
_2armarc _aArquitectura _xMétodos de simulación |
|
| 650 | 7 |
_2armarc _aMaquetas (Arquitectura) |
|
| 650 | 7 |
_2armarc _aMaquetas _xConstrucción de modelos |
|
| 650 | 7 |
_2armarc _aModelos a escala |
|
| 942 |
_2ddc _cLI _h688.1 _iM73 |
||
| 999 |
_c47184 _d47184 |
||